000 00350 a2200157 4500
001 181659
020 _a
040 _cMagnum
100 _aMori, Iracema
240 1 0 _aViver e aprender - matematica 3
_lpor
245 1 0 _aViver e aprender - matematica 3
362 0 _a1899
440 1 _aSaraiva
697 _aMAGNITO: PARADIDATICO
942 _cBK
999 _c181659
_d181659